000 00320nam a22001217a 4500
999 _c2911
_d2911
005 20200925111051.0
008 200925b ||||| |||| 00| 0 eng d
020 _a0571101186
040 _cCML
245 _aFor Love of a Rose.
_cRdge, A.
260 _aLondon
_bFaber and Faber
_c1965
942 _2ddc
_cBK
_e1st Edition
_kF
_mRID